ấp trứng gia cầm bằng phương pháp thủ công và công nghiệp
Tallennettuna:
| Päätekijä: | |
|---|---|
| Aineistotyyppi: | Kirja |
| Kieli: | Undetermined |
| Julkaistu: |
Hà Nội
Nông Nghiệp
1999
|
| Aiheet: | |
| Tagit: |
Lisää tagi
Ei tageja, Lisää ensimmäinen tagi!
|
| Thư viện lưu trữ: | Trung tâm Học liệu Trường Đại học Cần Thơ |
|---|
| LEADER | 00642nam a2200193Ia 4500 | ||
|---|---|---|---|
| 001 | CTU_32894 | ||
| 008 | 210402s9999 xx 000 0 und d | ||
| 020 | |b 10.500đđ | ||
| 082 | |a 636.5082 | ||
| 082 | |b L513 | ||
| 100 | |a Bùi Đức Lũng | ||
| 245 | 0 | |a ấp trứng gia cầm bằng phương pháp thủ công và công nghiệp | |
| 245 | 0 | |c Bùi Đức Lũng, Nguyễn Xuân Sơn | |
| 260 | |a Hà Nội | ||
| 260 | |b Nông Nghiệp | ||
| 260 | |c 1999 | ||
| 650 | |a poultry - breeding,poultry - feeding and feeds | ||
| 904 | |i Minh, 990827 | ||
| 980 | |a Trung tâm Học liệu Trường Đại học Cần Thơ | ||